Cẩm nang sử dụng internet

Đã lưu trong:
书目详细资料
主要作者: LƯƠNG QUỲNH MAI
格式: 图书
语言:Undetermined
出版: Trẻ 2001
标签: 添加标签
没有标签, 成为第一个标记此记录!
Thư viện lưu trữ: Trung tâm Học liệu Trường Đại học Cần Thơ
LEADER 00418nam a2200145Ia 4500
001 CTU_48351
008 210402s9999 xx 000 0 und d
082 |a 004.678 
082 |b M103 
100 |a LƯƠNG QUỲNH MAI 
245 0 |a Cẩm nang sử dụng internet 
245 0 |c LƯƠNG QUỲNH MAI, Trần Lan Anh 
260 |b Trẻ 
260 |c 2001 
980 |a Trung tâm Học liệu Trường Đại học Cần Thơ